| 000 | 00660nam a2200193Ia 4500 | ||
|---|---|---|---|
| 005 | 20251020182536.0 | ||
| 008 | 200515s9999 xx 000 0 und d | ||
| 082 | _a72/I52 | ||
| 110 | _aInformación designó Inc. | ||
| 245 | 0 | _aNotas sobre arquitectura : Conceptos básicos | |
| 260 | _aMéxico, D.F. | ||
| 260 | _c1990 | ||
| 300 | _a109 | ||
| 500 | _a1 ejemplar | ||
| 520 | _aPunto de partida para dominar las principales ideas de esta disciplina y, con base en ellas, buscar un significado del arte arquitectónico. De gran utilidad para quienes se inician en la elaboración de proyectos | ||
| 650 | _aARQUITECTURA | ||
| 650 | _aLIB | ||
| 942 | _cLIB | ||
| 999 |
_c2247 _d2247 |
||